[Event "IECG CC.2005.0.00127 email"]
[Site "IECG email"]
[Date "2005.12.18"]
[Round "?"]
[White "Poblete, Litos"]
[Black "Radoor, Bent Romer"]
[Result "1/2-1/2"]
[WhiteElo "1602"]
[BlackElo "1785"]
[PlyCount "24"]
[EventDate "2005.12.18"]
[EventType "tourn (corr)"]
[EventRounds "6"]
[SourceTitle "Corr 2024"]
[Source "ChessBase"]
[SourceDate "2023.10.19"]
[SourceVersion "1"]
[SourceVersionDate "2023.10.19"]
[SourceQuality "1"]

1. d4 d5 2. c4 c6 3. cxd5 cxd5 4. Nc3 Nf6 5. Nf3 Nc6 6. Bf4 e6 7. e3 Bd6 8. Bxd6 Qxd6 9. Bd3 a6 10. 0-0 0-0 11. Rc1 b5 12. a3 Bb7 1/2-1/2